Pemikiran Tasawwuf Muhammad Khatib Langgin (w. 1859)

Saved in:
Bibliographic Details
Main Author: Nabila Yasmin
Format: Book
Language:English
Tags: Add Tag
No Tags, Be the first to tag this record!
Call Number :

MARC

LEADER 00000nam a2200000 4500
001 96074
003 MY-KLNDU
005 20241220004540.0
008 240621 00 eng
020 |a 9789672422549 
039 9 |y 202406210837  |z dewi 
040 |a MY-KlNDU  |b eng  |c MY-KlNDU  |e rda 
100 |a Nabila Yasmin 
245 |a Pemikiran Tasawwuf Muhammad Khatib Langgin (w. 1859) 
336 |a text  |2 rdacontent 
337 |a unmediated  |2 rdamedia 
338 |a volume  |2 rdacarrier 
999 |a vtls000107179  |c 96074  |d 96074